000 00525nam a2200205 a 4500
001 BS0001198
003 BR-BrBNA
005 20231026142754.0
008 230308b |||||||| |||| 00| 0 por d
040 _aBR-BrBNA
_bpor
_cBiblioteca Nacional de Agricultura
041 _apor
072 _aS89
090 _aS89
_bBS0001198
100 1 _aAzevedo, Ricardo.
245 1 _aLivro de papel /
260 3 _aSão Paulo:
_bEditora do Brasil,
_c2001.
300 _a63 p.
650 _aLITERATURA INFANTO-JUVENIL
942 _cBK
_2AGRIS
999 _c6255
_d6255